LEADER 00851nam0-22003011i-450- 001 990001820920403321 005 20021010 035 $a000182092 035 $aFED01000182092 035 $a(Aleph)000182092FED01 035 $a000182092 100 $a20021010d--------km-y0itay50------ba 101 0 $aita 200 1 $aManuel d' operations pour un systeme de zones protegees$fA.W. Moore$gFAO. 210 $aRoma$cFAO$d1987. 215 $aIII, 146 p.$d30 cm 225 1 $aCahier FAO conservation$v9 610 0 $aTutela ambientale 676 $a639.9 700 1$aMoore,$bAlan W.$080090 801 0$aIT$bUNINA$gRICA$2UNIMARC 901 $aBK 912 $a990001820920403321 952 $a60 COLL. FAO 9/9$b$fFAGBC 959 $aFAGBC 996 $aManuel d' operations pour un systeme de zones protegees$9412794 997 $aUNINA DB $aING01 LEADER 01518cam0-22004931i-450- 001 990007118430403321 005 20060405150327.0 010 $a88-7213-080-8 035 $a000711843 035 $aFED01000711843 035 $a(Aleph)000711843FED01 035 $a000711843 100 $a20020917d2000----km-y0itay50------ba 101 0 $aita 102 $aIT 105 $ay-------001yy 200 1 $aStudi sul 1799 nel Molise$eindagine bibliografica dalla sezione molisana della Biblioteca provinciale "Pasquale Albino" di Campobasso$fIsa De Matteis, Giulia Severino 210 $aCampobasso$cEnne$dİ2000 215 $a78 p.$d24 cm 225 1 $aMemoria$v6 610 0 $aMolise$aStoria$a1799 610 0 $aMolise$a1799$astudi 610 0 $aBiblioteca provinciale Pasquale Albino$aCampobasso$aMolise 1799$abibliografia 676 $a016.945719$v21$zita 676 $a945.719 700 1$aDe Matteis,$bIsa$0334041 701 1$aSeverino,$bGiulia$0334042 801 0$aIT$bUNINA$gRICA$2UNIMARC 901 $aBK 912 $a990007118430403321 952 $a016.945 DEM 1$bBibl. 33885$fFLFBC 952 $aCollez. 2072 (6)$b35545$fFSPBC 952 $aMAT016.9457$b10983$fDECBC 952 $a13 L 64 16$b11933$fFINBC 952 $aSEZ.NA B 1903$b11462$fFARBC 952 $a60 DONO UNINA 41$b7795$fFAGBC 959 $aFLFBC 959 $aFSPBC 959 $aDECBC 959 $aFINBC 959 $aFARBC 959 $aFAGBC 996 $aStudi sul 1799 nel Molise$9702900 997 $aUNINA